KOHA-Header-6

Ziglar On Selling (Record no. 10097)

000 -LEADER
fixed length control field 00249nam a2200109Ia 4500
100 ## - MAIN ENTRY--AUTHOR NAME
Personal name Zig Ziglar
245 #0 - TITLE STATEMENT
Title Ziglar On Selling
260 ## - PUBLICATION, DISTRIBUTION, ETC. (IMPRINT)
Place of publication India
Name of publisher S. Chand
Year of publication 2009
300 ## - PHYSICAL DESCRIPTION
Number of Pages 356
942 ## - ADDED ENTRY ELEMENTS (KOHA)
Koha item type Books
Holdings
Withdrawn status Lost status Collection code Permanent Location Current Location Shelving location Date acquired Full call number Accession Number Koha item type
    Marketing MAJU MAJU   2019-09-14 813.4 6200 Marketing

Powered by Koha